| 000 | 01327nam a2200325Ia 4500 | ||
|---|---|---|---|
| 001 | ebr2003517 | ||
| 003 | CaPaEBR | ||
| 006 | m u | ||
| 007 | cr cn||||||||| | ||
| 008 | 990329s1999 nyu sb 001 0 eng d | ||
| 010 | _z 99028029 | ||
| 020 | _z0750709170 (hardbound) | ||
| 020 | _z0750709162 (pbk. : alk. paper) | ||
| 040 |
_aCaPaEBR _cCaPaEBR |
||
| 035 | _a(OCoLC)70763891 | ||
| 050 | 1 | 4 |
_aHF5381.6 _b.R34 1999eb |
| 082 | 0 | 4 |
_a331.11/42/0941 _221 |
| 100 | 1 | _aRaggatt, Peter C. M. | |
| 245 | 1 | 0 |
_aGovernment, markets, and vocational qualifications _h[electronic resource] : _ban anatomy of policy / _cPeter Raggatt and Steve Williams. |
| 260 |
_aNew York : _bFalmer Press, _c1999. |
||
| 300 | _aix, 220 p. | ||
| 504 | _aIncludes bibliographical references and index. | ||
| 533 |
_aElectronic reproduction. _bPalo Alto, Calif. : _cebrary, _d2013. _nAvailable via World Wide Web. _nAccess may be limited to ebrary affiliated libraries. |
||
| 650 | 0 |
_aVocational qualifications _zGreat Britain. |
|
| 650 | 0 | _aNational Vocational Qualifications (Great Britain) | |
| 655 | 7 |
_aElectronic books. _2local |
|
| 700 | 1 |
_aWilliams, Steve, _d1968- |
|
| 710 | 2 | _aebrary, Inc. | |
| 856 | 4 | 0 |
_uhttp://site.ebrary.com/lib/rucke/Doc?id=2003517 _zAn electronic book accessible through the World Wide Web; click to view |
| 999 |
_c123572 _d123572 |
||